Revista española de tuberculosis (Record no. 1858)

MARC details
000 -LEADER
campo de control de longitud fija 00748nas a2200241 i 4500
001 - NÚMERO DE CONTROL
campo de control 1858
003 - IDENTIFICADOR DE NÚMERO DE CONTROL
campo de control ES-MaACL
005 - FECHA Y HORA DE LA ÚLTIMA TRANSACCIÓN
campo de control 20250217134412.0
007 - CAMPO FIJO DE DESCRIPCIÓN FÍSICA--INFORMACIÓN GENERAL
campo de control de longitud fija t|
008 - DATOS DE LONGITUD FIJA--INFORMACIÓN GENERAL
campo de control de longitud fija 950801d1930 sp | | 1 ||pa d
022 ## - NÚMERO INTERNACIONAL NORMALIZADO PARA PUBLICACIONES SERIADAS
Número Internacional Normalizado para Publicaciones Seriadas 0370-4572
245 00 - MENCIÓN DEL TÍTULO
Título Revista española de tuberculosis
Resto del título : clínica, laboratorio, rayos x /
Mención de responsabilidad, etc. dir. B. Benítez Franco.
260 ## - PUBLICACIÓN, DISTRIBUCIÓN, ETC.
Lugar de publicación, distribución, etc. [Madrid :
Nombre del editor, distribuidor, etc. Palomeque],
Fecha de publicación, distribución, etc. 1930-1961.
300 ## - DESCRIPCIÓN FÍSICA
Extensión 24 v. ;
Dimensiones 25 cm.
310 ## - PERIODICIDAD ACTUAL
Periodicidad actual Mensual
362 0# - FECHAS DE PUBLICACIÓN Y/O DESIGNACIÓN SECUENCIAL
Fecha de publicación y/o designación secuencial T. I (1930)-(1961)
500 ## - NOTA GENERAL
Nota general No se publicó de jun. 1936-1939.
700 1# - ENTRADA AGREGADA--NOMBRE PERSONAL
Nombre de persona Benítez Franco, B,
Término indicativo de función/relación
9 (RLIN) 194308
710 2# - ENTRADA AGREGADA--NOMBRE DE ENTIDAD CORPORATIVA
Nombre de entidad corporativa o nombre de jurisdicción como elemento de entrada Patronato Nacional Antituberculoso (Madrid)
9 (RLIN) 6190
852 ## - LOCALIZACIÓN
Ubicación ES-MaACL
Número de control de estantería K-76
866 #0 - MENCIÓN TEXTUAL DE FONDOS--UNIDAD BIBLIOGRÁFICA BÁSICA
Fondos 1934(1935f.ene.)1936.1940-60.
Holdings
Estatus retirado Estado de pérdida Estado de daño No para préstamo Colección Biblioteca de origen Biblioteca actual Ubicación en estantería Fecha de adquisición Fuente de adquisición Total de préstamos Signatura topográfica completa Código de barras Visto por última vez Precio de reemplazo Tipo de ítem Koha
        Periódicos y Revistas Biblioteca del Ateneo de Madrid Biblioteca del Ateneo de Madrid Administración 17/01/2008     K-76 1001896 23/02/2023 23/02/2023 Revista